000
00211 a2200097 4500
001
45496
100
_a
Stewart M
245
_a
The wicked day
260
_a
London
_b
Hadder & stoughton
_c
090
_c
28656
_d
28656
942
_a
NUST-CAE
_c
M
_c
20731
999
_c
280569
_d
280569